Príplatky pre zamestnancov - príspevok na rekreáciu

S účinnosťou od 1.1.2019 sa do Zákonníka práce zavádza nový inštitút - príspevok na rekreáciu zamestnancov ako cielený systémový nástroj na podporu domáceho cestovného ruchu. Na aký účel je príspevok na rekreáciu určený. Splnenie podmienok na poskytnutie príspevku na rekreáciu. Praktický príklad.

Guardado en:
Detalles Bibliográficos
Autor principal: Matlovičová, Iveta
Formato: Capítulo de libro
Lenguaje:eslovaco
Materias:
Etiquetas: Agregar Etiqueta
Sin Etiquetas, Sea el primero en etiquetar este registro!

MARC

LEADER 00000naa a2200000 4500
001 0253144
005 20240426104005.9
041 0 |a slo 
044 |a SK 
245 1 0 |a Príplatky pre zamestnancov - príspevok na rekreáciu  |c Iveta Matlovičová 
520 |a S účinnosťou od 1.1.2019 sa do Zákonníka práce zavádza nový inštitút - príspevok na rekreáciu zamestnancov ako cielený systémový nástroj na podporu domáceho cestovného ruchu. Na aký účel je príspevok na rekreáciu určený. Splnenie podmienok na poskytnutie príspevku na rekreáciu. Praktický príklad. 
610 2 0 |a zamestnanci 
610 2 0 |a zamestnávatelia 
610 2 0 |a financie 
610 2 0 |a rekreácia 
610 2 0 |a ruch cestovný domáci 
610 2 0 |a príspevky rekreačné 
100 1 |a Matlovičová, Iveta